| 000 | 00909cam a2200265 a 4500 | ||
|---|---|---|---|
| 001 | 5723 | ||
| 003 | BD-RjUL | ||
| 005 | 20211208234121.0 | ||
| 008 | 140107s1984 kn o 000 0beng | ||
| 035 | _a(BD-RjUL)5762 | ||
| 040 |
_aDLC _cDLC _dBD-RjUL _beng |
||
| 041 | _aeng | ||
| 082 | 0 | 0 |
_a951.93030924 _219 _bTWE 1984 |
| 245 | 1 | 0 |
_aTwenty-year-long anti-Japanese revolution under the red sunrays / _cKim Il ... [et al.]. _n3 |
| 260 |
_aPyongyang ; Korea : _bForeign Languages Pub. House, _c1984 |
||
| 300 |
_a385 p : _bill. ; _c22 cm. |
||
| 600 | 1 | 0 |
_aKim, Il-sŏng, _d1912-1994 _xChildhood and youth. _918128 |
| 600 | 1 | 0 |
_aKim, Il-sŏng, _d1912-1994 _xMilitary leadership. _918129 |
| 650 | 0 |
_aKorean resistance movements, 1905-1945. _917962 |
|
| 650 | 0 |
_aHeads of state _zKorea (North) _vBiography. _917963 |
|
| 700 | 1 |
_aKim, Il. _9616 |
|
| 942 |
_2ddc _cBK |
||
| 999 |
_c5723 _d5723 |
||